000
00335nam a22001457a 4500
008
221121b ||||| |||| 00| 0 eng d
020
_a
9781284121247
041
_a
eng
080
_2
FOURTH EDITION
_a
610.73
082
_a
610.73McG
100
_a
7
101
_a
INF
245
_a
NURSING INFORMATICS
_c
McGONIGLE D
942
_2
udc
_c
BK
999
_c
58983
_d
58983